000 02035nam0a2200313 4500
001 RU\NLR\BIBL_A\022216427
005 20240531145156.0
010 _a978-5-9293-3251-7
_9100
021 _aRU
_bКН-П-24-016969
_9КН-П-24-1777
035 _a(NLR Aleph) 022216427
090 _a13088623
_c13088623
100 _a20240507d2023 u y0rusy50 ca
101 0 _arus
102 _aRU
105 _aa j 000yy
181 0 _ai3
_baxxe
182 0 _an
200 1 _aФизические задачи в образовательном процессе
_eучебное пособие
_eдля студентов направления подготовки 44.03.05 "Педагогическое образование с двумя профилями подготовки (профиль "Информатика и физика")" и 44.04.01 "Педагогическое образование (магистерские программы "Физико-математическое образование", "Информационные технологии в физико-математическом образовании")"
_fС. С. Серебрякова
_gМинистерство науки и высшего образования Российской Федерации, Забайкальский государственный университет
203 _aТекст
_bвизуальный
_cнепосредственный
210 _aЧита
_cЗабГУ
_d2023
215 _a140 с.
_cил.
_d20
320 _aБиблиогр.: с. 125-132 (84 назв.)
606 1 _aФизика
_xЗадачи
_xРешение
_xПреподавание
_xСредняя школа
_jУчебные издания для высших учебных заведений
_2nlr_sh2
_3RU\NLR\AUTH\661336123
686 1 _aЧ426.51-255я73
700 1 _aСеребрякова
_bС. С.
_gСветлана Станиславовна
942 _cBOOK
980 _aNB